000 00370nam a22001577a 4500
003 SGT
020 _a9789395039260
082 _a615.1
_bP23D
100 _aDAMAYANTHI,R.DEVI
245 _aPHYSICAL PHARMACEUTICS
260 _aHYDERABAD
_bPHARMA MED PRESS
_c2022
300 _a240
650 _aPHYSICAL PHARMACY
653 _aPHYSICAL, PHARMACEUTICS
942 _2ddc
_cBK
999 _c26965
_d26965